La Política y las mujeres: Reflexiones finiseculares /

Zapisane w:
Opis bibliograficzny
1. autor: Fernández Poncela, Anna M.
Format: Texto
Hasła przedmiotowe:
Etykiety: Dodaj etykietę
Nie ma etykietki, Dołącz pierwszą etykiete!

MARC

LEADER 00000 a a2200000 04500
001 1885
003
040
100 |a Fernández Poncela, Anna M.  
245 |a La Política y las mujeres:   |b Reflexiones finiseculares /  |c Anna M. Fernández Poncela 
650 |a PARTICIPACION DE LA MUJER  
650 |a POLITICA  
650 |a FEMINISMO  
773 |g número 53; páginas 59-70  
999 |c 23138  |d 23138